| 000 | 00874nam a22002537a 4500 | ||
|---|---|---|---|
| 005 | 2010071909329.0 | ||
| 008 | 100719t xxu||||| |||| 00| 0 eng d | ||
| 010 | _aENG-96425 | ||
| 020 |
_a9780198068297 _c295.00 |
||
| 020 |
_a0198068298 _c295.00 |
||
| 035 | _aEN-79958 | ||
| 037 | _bDBAD / PUB | ||
| 040 |
_adpl _bEnglish |
||
| 082 | _a954.01 | ||
| 100 | _aSharma, R.S. | ||
| 245 |
_aRethinking India's past / _cby R.S. Sharma |
||
| 260 |
_aNew Delhi _bOxford University Press _c2010 |
||
| 270 |
_aYMCA Library Building, Jai Singh Road, _bNew Delhi _e110001 |
||
| 300 |
_aviii, 299p. _c23cm (pbk) |
||
| 500 | _aIncludes index | ||
| 651 |
_aIndia _xHistory |
||
| 942 |
_2ddc _cEN _mSHA _h954.01 |
||
| 999 |
_c37088 _d37088 |
||